Mary ; (رقم التسجيلة. 19193)

تفاصيل مارك
000 -الفاتح
حقل البيانات ثابتة الطول 01180pam a2200337 a 4500
001 - رقم الضبط
رقم الضبط 013572503
003 - محدد رقم الضبط
رقم الضبط Uk
005 - وقت وتاريخ اخر تعامل مع التسجيلة
رقم الضبط 20150408113953.0
008 - عناصر البيانات ثابتة الطول - معلومات عامة
حقل البيانات ثابتة الطول 111204s2009 enk b 001 1 eng
015 ## - رقم الببليوجرافية الوطنية
رقم الببليوجرافية الوطنية GBA685456
المصدر bnb
020 ## - الرقم الدولى المعيارى للكتب
الرقم الدولى المعيارى للكتاب 9780199292455 (pbk.) :
شروط الاتاحة £7.99
020 ## - الرقم الدولى المعيارى للكتب
الرقم الدولى المعيارى للكتاب 0199292450 (pbk.) :
شروط الاتاحة £7.99
040 ## - مصدر الفهرسة
وكالة الفهرسة الأصلية StDuBDS
لغة الفهرسة eng
وكالة النسخ StDuBDS
وكالة التعديل Uk
042 ## - رمز التحقق
رمز التحقق ukblcatcopy
082 04 - رقم تصنيف ديوى العشرى
رقم التصنيف 823.6 W M M
رقم الطبعة 22
100 1# - المدخل الرئيسى - إسم شخصى
الإسم الشخصى Wollstonecraft, Mary,
التواريخ المصاحبة للاسم 1759-1797.
9 (RLIN) 7002
245 10 - بيان العنوان
العنوان Mary ;
بقية العنوان and, The wrongs of woman /
بيان المسئوليه,etc Mary Wollstonecraft / edited with an introduction and notes by Gary Kelly.
250 ## - بيان الطبعة
بيان الطبعة Rev. and corrected ed.
260 ## - PUBLICATION, DISTRIBUTION, ETC. (IMPRINT)
مكان الناشر او الموزع Oxford :
اسم الناشر او الموزع Oxford University Press,
تاريخ النشر أو التوزيع 2009.
300 ## - الوصف المادى
التعداد xli, 208 p. ;
أبعاد الوعاء 20 cm.
490 1# - بيان السلسلة
عنوان السلسلة Oxford world's classics
500 ## - تبصرة عامة
تبصرة عامة Formerly CIP.
الهيئة التي ينطبق عليها الحقل Uk
504 ## - تبصرة ببليوجرافية
تبصرة ببليوجرافية,الخ Includes bibliographical references and index.
655 #7 - مصطلح تكشيفى-نوع/شكل
بيانات النوع/ الشكل أو المصطلح الأساسي Autobiographical fiction.
مصدر المصطلح gsafd
9 (RLIN) 7003
655 #0 - مصطلح تكشيفى-نوع/شكل
بيانات النوع/ الشكل أو المصطلح الأساسي Feminist fiction.
9 (RLIN) 7004
700 1# - المدخل الاضافى - اسم شخصى
الإسم الشخصى Wollstonecraft, Mary,
التواريخ المصاحبة للاسم 1759-1797.
عنوان العمل Wrongs of woman.
9 (RLIN) 7005
700 1# - المدخل الاضافى - اسم شخصى
الإسم الشخصى Kelly, Gary.
9 (RLIN) 7006
830 #0 - المدخل الاضافى بالسلسلة -عنوان موحد
عنوان موحد Oxford world's classics
9 (RLIN) 6792
942 ## - عناصر المدخل الإضافي( كوها)
مصدر التصنيف او مخطط الترفيف Dewey Decimal Classification
Koha [default] item type DVD
المقتنيات
حالة الفقد نموذج السعر الفعال حالة تلف ليس للاعارة رقم الطلب تاريخ الاكتساب الموقع الحالي الباركود الفرع الرئيسي Date last seen نوع المادة فى نظام كوها مصدر التصنيف او خطة الترفيف Total Checkouts
  2013-03-10     823.6 W M M 2011-12-04 قسم الاجراءات الفنية (IC) 00101120 قسم الاجراءات الفنية (IC) 2013-03-10 كتاب Dewey Decimal Classification  
  2013-03-10     823.6 W M M 2011-12-04 قسم الاجراءات الفنية (IC) 00101121 قسم الاجراءات الفنية (IC) 2013-03-10 كتاب Dewey Decimal Classification